00327nam a2200121Ia 4500008004100000082001400041100001700055245003700072600001100109630003700120700001100157730003700168090122s9999 xx 000 0 und d b6791a824 aKoranebR.R. aTypical Essays Letters & Stories aKorane aTypical Essays Letters & Stories aKorane aTypical Essays Letters & Stories